| 000 | 01353nac a22003251u 4500 | ||
|---|---|---|---|
| 010 | _a 00042500 | ||
| 020 | _a0415928052 (hard) | ||
| 020 | _a0415928060 | ||
| 082 | 0 | 0 |
_a306.43 _bCUL |
| 090 |
_c9177 _d9177 |
||
| 100 | _a20080729 | ||
| 245 | 0 | 0 |
_aCultural history and education : critical essays on knowledge and schooling / _cedited by Thomas S. Popkewitz, Barry M. Franklin, Miguel A. Pereyra. |
| 260 |
_aNew York : _bRoutledgeFalmer,C.2001. _cC.2001. |
||
| 300 |
_axiii, 369 p. ; _c24 cm. |
||
| 500 | _aDistributer: Sphinx. | ||
| 504 | _aIncludes bibliographical references and indexes. | ||
| 511 | _aCatalogued By: Maitab. | ||
| 650 | 0 |
_aEducation _xHistoriography. |
|
| 650 | 0 |
_aCulture _xHistoriography. |
|
| 650 | 0 |
_aEducation _xResearch _xMethodology _xSocial aspects _vCross-cultural studies. |
|
| 650 | 0 |
_aEducation _xHistory _vCross-cultural studies. |
|
| 650 | 0 | _aComparative education. | |
| 650 | 0 | _aPostmodernism and education. | |
| 700 | 1 | _aPopkewitz, Thomas S. | |
| 700 | 1 | _aFranklin, Barry M. | |
| 700 | 1 |
_aPereyra, Miguel A., _d1950- |
|
| 856 | 4 | 2 |
_3Publisher description _uhttp://www.loc.gov/catdir/enhancements/fy0651/00042500-d.html |
| 942 |
_cBB _k306.43CUL |
||
| 999 |
_c9177 _d9177 |
||